000 00452nam a2200133 a 4500
008 120416s9999 ||||||||||||||||| || u
050 _aTHESIS/STUDENT
100 _aManyoni, Edith
245 1 0 _aBranding
246 _aa unique point of differentiation for your product
260 _a2002
350 _a0.00
995 _D0.00
_FCBU-MAIN LIBRARY (Kitwe)
_H1
_I0.00
_UAVAILABLE
_ZUniversity Collection
999 _c36092
_d36092